|
|
|
|
| LEADER |
00000nam0a2200000 4500 |
| 001 |
36152 |
| 005 |
20231101210343.0 |
| 010 |
|
|
|a 5724500167
|
| 035 |
|
|
|a (RuTPU)RU\TPU\book\36621
|
| 035 |
|
|
|a BOOK00003273
|
| 090 |
|
|
|a 36152
|
| 100 |
|
|
|a 20011210d1988 m y0rusy50 ca
|
| 101 |
0 |
|
|a rus
|
| 102 |
|
|
|a RU
|
| 105 |
|
|
|a a j 001zy
|
| 200 |
1 |
|
|a Расчеты по технологии органического синтеза
|e учебное пособие
|f С. П. Гутник, В. Е. Сосонко, В. Д. Гутман
|
| 210 |
|
|
|a Москва
|c Химия
|d 1988
|
| 215 |
|
|
|a 272 с.
|c ил.
|
| 606 |
1 |
|
|a Органический синтез
|x Процессы
|2 stltpush
|3 (RuTPU)RU\TPU\subj\73683
|9 86544
|
| 610 |
1 |
|
|a органические вещества
|
| 610 |
1 |
|
|a химическая технология
|
| 610 |
1 |
|
|a расчеты
|
| 610 |
1 |
|
|a нефтехимический синтез
|
| 610 |
1 |
|
|a оборудование
|
| 610 |
1 |
|
|a учебные пособия
|
| 675 |
|
|
|a 661.7(075.8)
|v 3
|
| 700 |
|
1 |
|a Гутник
|b С. П.
|g Савелий Перцевич
|
| 701 |
|
1 |
|a Сосонко
|b В. Е.
|g Валерий Ефремович
|
| 701 |
|
1 |
|a Гутман
|b В. Д.
|g Владимир Давидович
|
| 801 |
|
0 |
|a RU
|b 63413507
|c 20011210
|g PSBO
|
| 801 |
|
2 |
|a RU
|b 63413507
|c 20201021
|g PSBO
|
| 900 |
|
|
|a Химия и технология органических веществ
|
| 900 |
|
|
|a Основы проектирования и оборудование предприятий органического синтеза
|
| 900 |
|
|
|a Химия и технология основного органического и нефтехимического синтеза
|
| 942 |
|
|
|c BK
|